| 000 | 00642cam a2200229 4500 | ||
|---|---|---|---|
| 001 | WB3725-09 | ||
| 008 | 000000n2001 000 0 eng u | ||
| 035 | _a(Sirsi) u113315 | ||
| 245 | 4 | _aThe wealth creators | |
| 260 | _c2001 | ||
| 490 |
_aSunday Business _v24 June 2001, LOAN |
||
| 520 | _aThe Sunday Business / Stern Stewart shareholder value rankings table of Britain's top 500 companies. | ||
| 590 | _aWB | ||
| 650 | _aRANKINGS | ||
| 650 | _aLEAGUE TABLES | ||
| 650 | _aCOMPANIES | ||
| 650 | _aSHAREHOLDERS | ||
| 650 | _aECONOMIC VALUE | ||
| 650 | _aMARKET VALUE | ||
| 690 | _aMANAGEMENT-BUSINESS MANAGEMENT | ||
| 942 | _n0 | ||
| 999 |
_c67501 _d67501 |
||